00198nam a2200073Ia 4500008004100000050001800041100002400059245004100083230915s9999 xx 000 0 und d aKSK.4610.B856 aBWONWONG'A ,MOMANYI 0aPROCEDURES IN CRIMINAL LAW IN KENYA